000
00465nam a2200181Ia 4500
008
090124s9999 xx 000 0 und d
082
_b
31719
100
_a
रानडे जयंत
245
_a
गँग
250
_a
1
260
_b
रावजी प्रकाशन
_c
1989
300
_a
113
600
_a
रानडे जयंत
630
_a
गँग
700
_a
रानडे जयंत
730
_a
गँग
942
_c
BOOK
999
_c
97780
_d
97780